Fundamentals of database systems / (Record no. 7257)

MARC details
000 -LEADER
fixed length control field 02393nam a2200193Ia 4500
020 ## - INTERNATIONAL STANDARD BOOK NUMBER
ISBN 032141506X
020 ## - INTERNATIONAL STANDARD BOOK NUMBER
ISBN 9780321415066
050 ## - CALL NUMBER
Classification number QA76.9.D3
Item number .E57
100 1# - AUTHOR
Personal name Elmasri, Ramez.
245 10 - TITLE
Title Fundamentals of database systems /
Statement of responsibility, etc Ramez Elmasri, Shamkant B. Navathe.
250 ## - EDITION
Edition statement Fifth edition.
260 ## - PUBLICATION INFORMATION
Place of publication Boston, Mass. :
Name of publisher Pearson/Addison-Wesley,
Year of publication 2007.
300 ## - DESCRIPTION
Number of Pages xxviii, 1,123 pages :
Other physical details illustrations ;
Dimensions 24 cm.
500 ## - NOTES
General note 'Pearson International Edition' --Cover.<br/>Includes index
505 ## - FORMATTED CONTENTS NOTE
Table of Content I. INTRODUCTION AND CONCEPTUAL MODELING. <br/>1. Databases and Database Users. 2. Database System Concepts and Architecture. 3. Data Modeling Using the Entity-Relationship Model. 4. Enhanced Entity-Relationship and UML Modeling. <br/>II. RELATIONAL MODEL: CONCEPTS, CONSTRAINTS, LANGUAGES, DESIGN, AND PROGRAMMING. <br/>5. The Relational Data Model and Relational Database Constraints. 6. Relational Algebra and Relational Calculus. 7. Relational Database Design by ER- and EER-to-Relational Mapping. 8. SQL99-Schema Definition, Constraints, and Queries. 9. More SQL-Assertions, Views, and Programming Techniques. <br/>III. DATABASE DESIGN THEORY AND METHODOLOGY. <br/>10. Functional Dependencies and Normalization for Relational Databases. 11. Relational Database Design Algorithms and Further Dependencies. 12. Practical Database Design Methodology Using UML.<br/>IV. DATA STORAGE, INDEXING, QUERY PROCESSING, AND PHYSICAL DESIGN. <br/>13. Disk Organization, Basic File Structures, and Hashing. 14. Indexing Structures for Files. 15. Algorithms for Query Processing and Optimization. 16. Physical Database Design and Tuning. <br/>V. TRANSACTION PROCESSING CONCEPTS. <br/>17. Introduction to Transaction Processing Concepts and Theory. 18. Concurrency Control Techniques. 19. Database Recovery Techniques. <br/>VI. OBJECT AND OBJECT-RELATIONAL DATABASES. <br/>20. Object Database Concepts. 21. The ODMG Standard for Object Databases. 22. Object-Relational Systems and SQL3. VII. FURTHER TOPICS. <br/>23. Database Security, Authorization, and Encryption. 24. Enhanced Data Models for Advanced Applications. 25. Distributed Databases and Client-Server Architectures. <br/>VIII. EMERGING TECHNOLOGIES. <br/>26. Internet Databases and XML. 27. Data Warehousing and Data Mining Concepts. 28. Emerging Database Technologies and Applications.
650 #0 - SUBJECTS
Topical Term Database management.
700 1# - OTHER AUTHORS
Personal name Navathe, Sham.
942 ## - ADDED ENTRY ELEMENTS (KOHA)
Koha item type Books
Holdings
Withdrawn status Lost status Home library Current library Shelving location Date acquired Full call number Accession Number Koha item type
    Methodist University Library Main Methodist University Library Main General Stacks 17/02/2020 QA76.9.D3 .E57 27979 Books
Copyright © 2026  MUG Library